00626nam a2200157 a 450000100080000000500110000800800410001910000190006024501130007926001720019270000170036470000180038170000270039970000250042670000170045116283182005-07-25 2003 bl uuuu u00u1 u #d1 aLERY, L. M. S. aInitial phase of a proteome project to fuel the understanding of Gluconacetobacter diazotrophicus physiology aIn: REUNIÃO ANUAL DA SOCIEDADE BRASILEIRA DE BIOQUÍMICA (SBBq), 32., Caxambu, 2003. Resumos... Caxambu: Sociedade Brasileira de Bioquímica, 2003. Resumo U-13.c20031 aVIANA, F. C.1 aSOARES, M. R.1 aTEIXEIRA, K. R. dos S.1 aVON KRUGER, W. M. A.1 aBISCH, P. M.